000 01171nam a2200277 a 4500
001 ebr10424535
003 CaPaEBR
006 m u
007 cr cn|||||||||
008 101201s2010 enk sb 001 0 eng d
020 _z9781848850323
040 _aCaPaEBR
_cCaPaEBR
035 _a(OCoLC)671648472
050 1 4 _aPN1992.5
_b.H55 2010eb
100 1 _aHills, Matt.
245 1 0 _aTriumph of a time lord
_h[electronic resource] :
_bregenerating Doctor Who in the twenty-first century /
_cMatt Hills.
260 _aLondon :
_bI.B.Tauris,
_c2010.
300 _ax, 261 p.
504 _aIncludes bibliographical references (p. [233]-252) and index.
505 0 _apt. 1. Fans and producers -- pt. 2. Genre and format -- pt. 3. Quality and mainstream TV.
533 _aElectronic reproduction.
_bPalo Alto, Calif. :
_cebrary,
_d2010.
_nAvailable via World Wide Web.
_nAccess may be limited to ebrary affiliated libraries.
650 0 _aTelevision programs.
655 7 _aElectronic books.
_2local
710 2 _aebrary, Inc.
856 4 0 _uhttp://site.ebrary.com/lib/rucke/Doc?id=10424535
_zAn electronic book accessible through the World Wide Web; click to view
999 _c239036
_d239036